000 00308nam a22001217a 4500
082 _a621.381 HEU'B
100 _aHEUMANN, KLEMENS
_980708
245 _aBASIC PRINCIPLES OF POWER ELECTRONICS
260 _aNEWYORK
_bSPRINGER VERLAG
_c1986
300 _a294P
650 _aPOWER ELECTRONICS
_92000
942 _cBK
999 _c585601
_d585601